000 00413nam a2200157 i 4500
001 102332
003 ES-MaACL
005 20230906183104.0
007 t|
008 051108s1966 sp ||||1| spa d
100 1 _aMeneses, Jorge.
_980342
245 1 3 _aLa evolución de la fe /
_cJorge Meneses.
260 _aMadrid :
_bStudium,
_c1966.
300 _a129 p. ;
_c20 cm.
852 _aES-MaACL
_jC-29809
_bR.60188
999 _c102332
_d102332